<?xml version="1.0" encoding="UTF-8"?>
<collection xmlns="http://www.loc.gov/MARC21/slim">
 <record>
  <leader>01739nam a2200253Ia 4500</leader>
  <controlfield tag="001">CTU_199925</controlfield>
  <controlfield tag="008">210402s9999    xx            000 0 und d</controlfield>
  <datafield tag="020" ind1=" " ind2=" ">
   <subfield code="c">52000</subfield>
  </datafield>
  <datafield tag="082" ind1=" " ind2=" ">
   <subfield code="a">371.102</subfield>
  </datafield>
  <datafield tag="082" ind1=" " ind2=" ">
   <subfield code="b">M511</subfield>
  </datafield>
  <datafield tag="100" ind1=" " ind2=" ">
   <subfield code="a">Meier, Bernd</subfield>
  </datafield>
  <datafield tag="245" ind1=" " ind2="0">
   <subfield code="a">Lí luận dạy học hiện đại :</subfield>
  </datafield>
  <datafield tag="245" ind1=" " ind2="0">
   <subfield code="b">Cơ sở đổi mới mục tiêu, nội dung và phương pháp dạy học</subfield>
  </datafield>
  <datafield tag="245" ind1=" " ind2="0">
   <subfield code="c">Bernd Meier, Nguyễn Văn Cường</subfield>
  </datafield>
  <datafield tag="260" ind1=" " ind2=" ">
   <subfield code="a">Hà Nội</subfield>
  </datafield>
  <datafield tag="260" ind1=" " ind2=" ">
   <subfield code="b">Nxb. Đại học Sư phạm</subfield>
  </datafield>
  <datafield tag="260" ind1=" " ind2=" ">
   <subfield code="c">2014</subfield>
  </datafield>
  <datafield tag="520" ind1=" " ind2=" ">
   <subfield code="a">Trình bày lí luận về: học tập và chiến lược học tập, giáo dục, mô hình dạy học, phát triển năng lực và mục tiêu dạy học, nội dung dạy học, phương pháp dạy học, phương tiện dạy học, bài tập định hướng năng lực, đánh giá và cho điểm thành tích học tập</subfield>
  </datafield>
  <datafield tag="526" ind1=" " ind2=" ">
   <subfield code="a">Lý luận dạy học Toán và Khoa học tự nhiên,Phương pháp dạy học Sinh học,Tập giảng Toán,Phương pháp dạy học Hóa học,Tập giảng Toán,Phương pháp dạy học Tiếng Anh,Lý luận dạy học Ngữ văn và Khoa học xã hội,Đánh giá kết quả học tập Ngữ văn và Khoa học Xã hội,Tập giảng Sinh học,Phương pháp dạy học Ngữ Văn,Lý luận dạy học ngoại ngữ</subfield>
  </datafield>
  <datafield tag="526" ind1=" " ind2=" ">
   <subfield code="b">SG419,SG193,SG158,SG171,SG158,SG196,SG420,SG423,SG188,SG139,FL217</subfield>
  </datafield>
  <datafield tag="650" ind1=" " ind2=" ">
   <subfield code="a">Education,Giáo dục</subfield>
  </datafield>
  <datafield tag="650" ind1=" " ind2=" ">
   <subfield code="x">Study and teaching,Học và giảng dạy</subfield>
  </datafield>
  <datafield tag="904" ind1=" " ind2=" ">
   <subfield code="i">Bằng</subfield>
  </datafield>
  <datafield tag="980" ind1=" " ind2=" ">
   <subfield code="a">Trung tâm Học liệu Trường Đại học Cần Thơ</subfield>
  </datafield>
 </record>
</collection>
